[Event "SR 1. liga zapad 2010/2011"]
[Site "?"]
[Date "2011.03.20"]
[Round "9.1"]
[White "Bezuch, Martin"]
[Black "Kaniansky, Miroslav"]
[Result "1/2-1/2"]
[WhiteElo "2198"]
[BlackElo "2185"]
[PlyCount "61"]
[EventDate "2010.??.??"]

1. g3 d5 2. Bg2 Nf6 3. d3 e5 4. Nd2 Be7 5. e4 O-O 6. Ngf3 Nc6 7. O-O Re8 8. Re1
Bf8 9. c3 dxe4 10. dxe4 Be6 11. h3 h6 12. Qe2 Qd7 13. Kh2 Rad8 14. Nc4 Bxc4 15.
Qxc4 Qd3 16. Nd2 Qc2 17. Qb3 Rxd2 18. Bxd2 Qxd2 19. Qxb7 Nd8 20. Qxa7 Qxb2 21.
Qxc7 Qxf2 22. Rf1 Qc2 23. Rxf6 gxf6 24. Qd7 Qxc3 25. Qxe8 Qxa1 26. Qxd8 Qxa2
27. Qxf6 Bg7 28. Qf5 Qe6 29. Qf2 Bf8 30. h4 Qc4 31. Qf5 1/2-1/2

[Event "SR 1. liga zapad 2010/2011"]
[Site "?"]
[Date "2011.03.20"]
[Round "9.1"]
[White "Garban, Mario"]
[Black "Sturc, Gustav"]
[Result "1/2-1/2"]
[WhiteElo "1931"]
[BlackElo "2031"]
[PlyCount "56"]
[EventDate "2010.??.??"]

1. e4 e5 2. Nf3 Nc6 3. Bc4 Bc5 4. c3 Nf6 5. d4 exd4 6. cxd4 Bb4+ 7. Bd2 Bxd2+
8. Nbxd2 d5 9. e5 dxc4 10. exf6 Qxf6 11. Nxc4 O-O 12. Qd2 Bg4 13. Nfe5 Rfe8 14.
O-O Nxe5 15. dxe5 Qg6 16. Qf4 Rad8 17. Ne3 Be6 18. Rfd1 Rxd1+ 19. Rxd1 f6 20.
exf6 Qxf6 21. Qxf6 gxf6 22. a3 Kf7 23. f4 a5 24. Kf2 Re7 25. f5 Bb3 26. Rd8 Re8
27. Rd7+ Re7 28. Rd8 Re8 1/2-1/2

[Event "SR 1. liga zapad 2010/2011"]
[Site "?"]
[Date "2011.03.20"]
[Round "9.1"]
[White "Hanko, Pavol"]
[Black "Hacik, Radomir"]
[Result "1-0"]
[WhiteElo "2179"]
[BlackElo "2176"]
[PlyCount "97"]
[EventDate "2010.??.??"]

1. d4 Nf6 2. Nf3 e6 3. c4 d5 4. Bg5 Be7 5. e3 O-O 6. Nc3 h6 7. Bh4 b6 8. Bxf6
Bxf6 9. cxd5 exd5 10. Be2 Bb7 11. b4 c5 12. bxc5 bxc5 13. Rb1 Qa5 14. Qd2 Bc6
15. O-O c4 16. Rfc1 Nd7 17. e4 dxe4 18. Nxe4 Qf5 19. Nd6 Qg6 20. Nxc4 Be4 21.
Rb3 Bxf3 22. Bxf3 Rad8 23. Ra3 Bg5 24. Ne3 Ne5 25. Be2 Qb6 26. d5 Rfe8 27. Rb3
Qd6 28. Rd1 Ng6 29. Qd4 Re5 30. Qxa7 Bxe3 31. Rxe3 Rxd5 32. Rxd5 Qxd5 33. Rd3
Qg5 34. Rxd8+ Qxd8 35. Bf3 Qf6 36. Qa8+ Kh7 37. g3 Ne5 38. Be4+ g6 39. a4 Nc4
40. Qd5 Nd6 41. Bd3 Kg7 42. a5 Qa1+ 43. Kg2 Nc8 44. Qc5 Qd1 45. Qc3+ Kh7 46.
Qxc8 Qxd3 47. Qb7 Qf5 48. a6 h5 49. h4 1-0

[Event "SR 1. liga zapad 2010/2011"]
[Site "?"]
[Date "2011.03.20"]
[Round "9.1"]
[White "Havlicek, Libor"]
[Black "Dobrotka, Martin"]
[Result "1-0"]
[WhiteElo "2330"]
[BlackElo "2238"]
[PlyCount "87"]
[EventDate "2010.??.??"]

1. d4 d6 2. e4 Nd7 3. Nf3 g6 4. Bc4 Nb6 5. Bb3 Bg7 6. O-O Nf6 7. Qe2 e6 8. e5
Nfd5 9. Nbd2 Nf4 10. Qe4 Bh6 11. g3 d5 12. Qe1 Nh3+ 13. Kg2 Ng5 14. Nh4 f5 15.
exf6 Qxf6 16. f4 Nf7 17. f5 g5 18. fxe6 Qxe6 19. Nf5 O-O 20. Qxe6 Bxe6 21.
Nxh6+ Nxh6 22. Nf3 g4 23. Bxh6 gxf3+ 24. Rxf3 Rxf3 25. Kxf3 Nc4 26. Re1 Kf7 27.
Bc1 c6 28. c3 Bf5 29. g4 Be4+ 30. Kg3 b5 31. Rf1+ Ke6 32. Bd1 Rg8 33. g5 Nd6
34. Rf6+ Ke7 35. Bg4 Rg6 36. Bf4 Ne8 37. Rxg6 Bxg6 38. Be5 Nd6 39. Bxd6+ Kxd6
40. Kf4 a5 41. h4 b4 42. h5 Bf7 43. h6 Ke7 44. Bf5 1-0

[Event "SR 1. liga zapad 2010/2011"]
[Site "?"]
[Date "2011.03.20"]
[Round "9.1"]
[White "Helbich, Jan"]
[Black "Ruckschloss, Karol"]
[Result "1/2-1/2"]
[WhiteElo "2222"]
[BlackElo "2271"]
[PlyCount "39"]
[EventDate "2010.??.??"]

1. e4 d6 2. d4 Nf6 3. Nc3 g6 4. Nf3 c6 5. Be2 Bg7 6. O-O O-O 7. a4 a5 8. h3 Na6
9. Re1 Qc7 10. Be3 Nb4 11. d5 e6 12. dxe6 Bxe6 13. Nd4 d5 14. exd5 Bxd5 15. Qc1
Rfe8 16. Bh6 Bh8 17. Nxd5 Nbxd5 18. c3 Qb6 19. Qc2 Re7 20. Bc4 1/2-1/2

[Event "SR 1. liga zapad 2010/2011"]
[Site "?"]
[Date "2011.03.20"]
[Round "9.1"]
[White "Hudec, Jan"]
[Black "Reisel, Frantisek"]
[Result "0-1"]
[WhiteElo "2067"]
[BlackElo "2079"]
[PlyCount "96"]
[EventDate "2010.??.??"]

1. d4 d5 2. c4 c6 3. Nf3 Nf6 4. Nc3 g6 5. Bf4 Bg7 6. Qb3 dxc4 7. Qxc4 O-O 8. e4
b5 9. Qb3 a5 10. e5 Be6 11. Qc2 Nd5 12. Nxd5 Bxd5 13. Ng5 Qd7 14. h4 Qg4 15.
Qd2 f6 16. f3 Qd7 17. Nh3 Qe6 18. Qe3 Nd7 19. exf6 Qxf6 20. Bg5 Qxd4 21. Qxd4
Bxd4 22. O-O-O e5 23. Kb1 Nb6 24. h5 Bf7 25. hxg6 Bxg6+ 26. Bd3 Bxd3+ 27. Rxd3
Nc4 28. b3 Nb6 29. Bh6 Rf6 30. Ng5 Nd5 31. Ne4 Rg6 32. f4 Rxg2 33. f5 a4 34. b4
Nxb4 35. Rdh3 Nxa2 36. Bd2 Rxd2 37. Nxd2 Nc3+ 38. Kc2 b4 39. Rxh7 e4 40. Rb7 c5
41. Rh6 b3+ 42. Nxb3 axb3+ 43. Kxb3 Nd5 44. Re6 e3 45. Re4 Nf6 46. Ree7 Re8 47.
Rg7+ Kh8 48. Rg6 e2 0-1

[Event "SR 1. liga zapad 2010/2011"]
[Site "?"]
[Date "2011.03.20"]
[Round "9.1"]
[White "Sulek, Viliam"]
[Black "Lakatos, Vladimir"]
[Result "1/2-1/2"]
[WhiteElo "2144"]
[BlackElo "2162"]
[PlyCount "56"]
[EventDate "2010.??.??"]

1. e4 c5 2. Nf3 e6 3. d4 cxd4 4. Nxd4 a6 5. g3 d5 6. Bg2 dxe4 7. Bxe4 e5 8. Nb3
Qxd1+ 9. Kxd1 f5 10. Bg2 Nf6 11. Nc3 Nc6 12. Bxc6+ bxc6 13. Re1 Bd6 14. Bf4 Ng4
15. Bxe5 Bxe5 16. f4 Kf7 17. fxe5 Rd8+ 18. Kc1 Nxh2 19. Nc5 Nf3 20. Re3 Ng5 21.
b3 Ne6 22. N3a4 Nxc5 23. Nxc5 Be6 24. Kb2 Rd2 25. Rf1 Ke7 26. a4 a5 27. Kc3 Rg2
28. Rd1 Bd5 1/2-1/2

[Event "SR 1. liga zapad 2010/2011"]
[Site "?"]
[Date "2011.03.20"]
[Round "9.1"]
[White "Vrablik, Miroslav"]
[Black "Slapak, Zdenek"]
[Result "0-1"]
[WhiteElo "2106"]
[BlackElo "2133"]
[PlyCount "104"]
[EventDate "2010.??.??"]

1. e4 e5 2. Nf3 Nc6 3. Bb5 a6 4. Ba4 Nf6 5. O-O Be7 6. Qe2 d6 7. c3 O-O 8. d3
b5 9. Bc2 Bb7 10. Rd1 Re8 11. Nbd2 Nb8 12. Nf1 c5 13. Ng3 g6 14. h4 h5 15. Bg5
Nbd7 16. Nh2 Nf8 17. Ngf1 Ne6 18. Be3 Qc7 19. Nd2 d5 20. f3 d4 21. Bf2 Nf4 22.
Qf1 Bc8 23. c4 b4 24. Ba4 Rf8 25. Rdc1 Nh7 26. Bc2 Kh8 27. Kh1 Rg8 28. g3 Bh3
29. Qd1 Ng2 30. Qe2 g5 31. hxg5 Bxg5 32. Rg1 Ne3 33. Ndf1 Nxf1 34. Nxf1 Qd7 35.
Kh2 Be6 36. Rh1 Nf6 37. Nd2 Rg6 38. Rag1 Rag8 39. Kg2 Bf4 40. Nf1 Rh6 41. Rh2
Bg5 42. Kh1 Ng4 43. fxg4 Bxg4 44. Qe1 Bf3+ 45. Rgg2 h4 46. Bd1 Qg4 47. gxh4 Bf4
48. Bxf3 Qxf3 49. Bg3 Rhg6 50. h5 Rxg3 51. Nxg3 Bxg3 52. Rh3 Qxg2+ 0-1

[Event "SR 1. liga zapad 2010/2011"]
[Site "?"]
[Date "2011.03.20"]
[Round "9.2"]
[White "Bombek, Peter"]
[Black "Janos, Ivan"]
[Result "1/2-1/2"]
[WhiteElo "2228"]
[BlackElo "2152"]
[PlyCount "195"]
[EventDate "2010.??.??"]

1. e4 c5 2. c3 Nf6 3. e5 Nd5 4. Bc4 Nb6 5. Bb3 c4 6. Bc2 Nc6 7. Nf3 d6 8. exd6
e5 9. d4 cxd3 10. Qxd3 Qxd6 11. Nbd2 Qxd3 12. Bxd3 Be6 13. Bb5 f6 14. Nb3 Nc4
15. Nfd2 Nd6 16. Bd3 b6 17. Ne4 f5 18. Nxd6+ Bxd6 19. f3 O-O 20. Be3 Rad8 21.
O-O-O Ne7 22. Rhe1 Kh8 23. Bg5 h6 24. Bxe7 Bxe7 25. Rxe5 Bg5+ 26. Kc2 Bc8 27.
Ree1 Bf6 28. Bc4 Rxd1 29. Rxd1 g6 30. Nd4 Be5 31. h3 Bd7 32. Ne2 Bc6 33. Bd5
Ba4+ 34. b3 Bd7 35. f4 Bc7 36. Bf3 Bc8 37. g3 Re8 38. h4 Kg7 39. Nd4 a6 40. Kd3
Kf6 41. Bc6 Re7 42. Nf3 Re6 43. Bd5 Re8 44. c4 Bd6 45. Bc6 Re7 46. Re1 Rc7 47.
Bd5 Bd7 48. Re2 a5 49. Nd4 Bc5 50. a4 Ra7 51. Nf3 Rc7 52. Ne5 Be8 53. Kd2 Bb4+
54. Kd1 Bf8 55. Kd2 Bb4+ 56. Kd3 Bf8 57. Ke3 Bc5+ 58. Kf3 g5 59. hxg5+ hxg5 60.
fxg5+ Kxg5 61. Kg2 Bh5 62. Bf3 Bg4 63. Nd3 Ba3 64. Nf4 Rd7 65. Nd5 Bc5 66. Bxg4
fxg4 67. Re5+ Kg6 68. Re4 Kg5 69. Rxg4+ Kf5 70. Kf3 Rh7 71. Rh4 Rg7 72. Rh6 Ke5
73. Nxb6 Rb7 74. Rh5+ Kd6 75. Nd5 Rxb3+ 76. Kf4 Ra3 77. Rh6+ Kd7 78. Nb6+ Bxb6
79. Rxb6 Rxa4 80. Kf5 Rxc4 81. Ra6 Rc5+ 82. Kf4 Ke7 83. g4 Rc4+ 84. Kg5 a4 85.
Kf5 Kf7 86. Ra7+ Kf8 87. g5 Rc6 88. Rxa4 Rb6 89. Ra7 Rc6 90. Kg4 Kg8 91. Kh5
Rb6 92. Re7 Ra6 93. Re5 Kh7 94. Rb5 Rc6 95. Rf5 Ra6 96. Rf6 Ra7 97. g6+ Kg7 98.
Rf7+ 1/2-1/2

[Event "SR 1. liga zapad 2010/2011"]
[Site "?"]
[Date "2011.03.20"]
[Round "9.2"]
[White "Djubek, Boris"]
[Black "Borik, Juraj"]
[Result "1-0"]
[WhiteElo "2175"]
[BlackElo "2206"]
[PlyCount "77"]
[EventDate "2010.??.??"]

1. d4 Nf6 2. c4 c5 3. d5 e6 4. Nc3 exd5 5. cxd5 Bd6 6. Nf3 O-O 7. Bg5 Re8 8. e3
Bf8 9. Bd3 d6 10. O-O Nbd7 11. Qc2 h6 12. Bh4 a6 13. a4 Rb8 14. Rfe1 Qc7 15. b3
g5 16. Bg3 Bg7 17. Rac1 Nf8 18. Ne4 Nxe4 19. Bxe4 b5 20. axb5 axb5 21. Nd4 Rb6
22. Nf5 Bxf5 23. Bxf5 Ra6 24. h4 Qe7 25. hxg5 hxg5 26. Bd3 Ra5 27. Qe2 b4 28.
Qh5 Rea8 29. Qh2 Rd8 30. Qh5 Nd7 31. f4 Ra2 32. fxg5 Ne5 33. Bh7+ Kf8 34. Bf5
Rda8 35. Rf1 R8a7 36. Be6 Kg8 37. g6 Rd2 38. Bxe5 fxe6 39. Qh7# 1-0

[Event "SR 1. liga zapad 2010/2011"]
[Site "?"]
[Date "2011.03.20"]
[Round "9.2"]
[White "Orgon, Dusan"]
[Black "Eged, Igor"]
[Result "1-0"]
[WhiteElo "2086"]
[BlackElo "2065"]
[PlyCount "81"]
[EventDate "2010.??.??"]

1. d4 Nf6 2. Bg5 Ne4 3. Bf4 d5 4. Nd2 Nxd2 5. Qxd2 Nd7 6. O-O-O Nf6 7. f3 e6 8.
g4 Bd6 9. Nh3 b6 10. Bg2 Bb7 11. Rhe1 h6 12. e4 Bxf4 13. Qxf4 Qd7 14. e5 Nh7
15. Qe3 O-O-O 16. f4 Kb8 17. Nf2 c5 18. dxc5 d4 19. Qg3 Bxg2 20. Qxg2 bxc5 21.
Ne4 Qd5 22. Qe2 Rc8 23. Nd6 Rc7 24. Rd3 Ka8 25. Rb3 Qc6 26. Qc4 Rb8 27. h4 Rxb3
28. axb3 Nf8 29. Qb5 Qxb5 30. Nxb5 Re7 31. b4 a6 32. Nd6 cxb4 33. Re4 b3 34.
cxb3 Nd7 35. Rxd4 Kb8 36. Rc4 Nb6 37. Rb4 Rc7+ 38. Nc4 Ka7 39. Rxb6 Rxc4+ 40.
bxc4 Kxb6 41. b4 1-0

[Event "SR 1. liga zapad 2010/2011"]
[Site "?"]
[Date "2011.03.20"]
[Round "9.2"]
[White "Sosovicka, Juraj"]
[Black "Kovacik, Emil"]
[Result "1/2-1/2"]
[WhiteElo "2159"]
[BlackElo "2232"]
[PlyCount "69"]
[EventDate "2010.??.??"]

1. e4 c5 2. Nf3 Nc6 3. d4 cxd4 4. Nxd4 g6 5. c4 Bg7 6. Be3 Nf6 7. Nc3 d6 8. Be2
O-O 9. O-O Bd7 10. Qd2 Nxd4 11. Bxd4 Bc6 12. f3 a5 13. Rfd1 Nd7 14. Be3 a4 15.
b4 axb3 16. axb3 Rxa1 17. Rxa1 Nc5 18. Rb1 b6 19. b4 Nd7 20. Nd5 Re8 21. Rb3
Bxd5 22. Qxd5 Qa8 23. Qb5 Qa1+ 24. Kf2 Rd8 25. Rd3 Bc3 26. Rd1 Qa3 27. c5 Bxb4
28. cxb6 Bc5 29. Bxc5 Qxc5+ 30. Qxc5 Nxc5 31. e5 Na4 32. exd6 exd6 33. b7 Nc5
34. Rxd6 Nxb7 35. Rc6 1/2-1/2

[Event "SR 1. liga zapad 2010/2011"]
[Site "?"]
[Date "2011.03.20"]
[Round "9.2"]
[White "Srvatka, Igor"]
[Black "Peitl, Tomas"]
[Result "1-0"]
[WhiteElo "2205"]
[BlackElo "2186"]
[PlyCount "73"]
[EventDate "2010.??.??"]

1. d4 Nf6 2. c4 e6 3. g3 Bb4+ 4. Bd2 Qe7 5. Bg2 Nc6 6. a3 Bxd2+ 7. Qxd2 d5 8.
Nf3 O-O 9. O-O Rd8 10. cxd5 exd5 11. Nc3 Bf5 12. Qf4 Be4 13. Rac1 Rac8 14. Bh3
Ra8 15. b4 a6 16. Na4 Qd6 17. Qd2 Na7 18. Nc5 Rab8 19. Ne5 h6 20. Qc3 Nb5 21.
Qb2 c6 22. Nxa6 bxa6 23. Rxc6 Qe7 24. Rfc1 Rd6 25. Rc8+ Rxc8 26. Rxc8+ Kh7 27.
a4 Nc7 28. Qc3 Ne6 29. Nc6 Qd7 30. Ne5 Qb7 31. Bxe6 fxe6 32. a5 Qe7 33. f3 Bb1
34. Qc1 Bf5 35. g4 Be4 36. fxe4 Nxe4 37. Rh8+ 1-0

[Event "SR 1. liga zapad 2010/2011"]
[Site "?"]
[Date "2011.03.20"]
[Round "9.2"]
[White "Turna, Stefan"]
[Black "Motuz, Karol"]
[Result "0-1"]
[WhiteElo "2245"]
[BlackElo "2245"]
[PlyCount "68"]
[EventDate "2010.??.??"]

1. d4 Nf6 2. c4 e6 3. g3 c5 4. Nf3 cxd4 5. Nxd4 a6 6. Bg2 Qc7 7. O-O Qxc4 8.
Bg5 Be7 9. Na3 Qc7 10. Qa4 Nc6 11. Nxc6 dxc6 12. Nc4 Nd5 13. Bd2 O-O 14. Ba5
Qb8 15. Qb3 b5 16. Nd2 c5 17. e4 Nb4 18. Nf3 Bb7 19. Rfe1 c4 20. Qc3 Nc6 21.
Bb6 Bb4 22. Qe3 Bxe1 23. Rxe1 Nb4 24. Rd1 Nd3 25. Bd4 e5 26. Rxd3 cxd3 27. Nxe5
Rd8 28. Nf3 Rxd4 29. Nxd4 Qa7 30. e5 Bxg2 31. Kxg2 Rd8 32. e6 fxe6 33. Qxe6+
Qf7 34. Qe3 Qd5+ 0-1

[Event "SR 1. liga zapad 2010/2011"]
[Site "?"]
[Date "2011.03.20"]
[Round "9.2"]
[White "Veres, Andrej"]
[Black "Oprea, Erik"]
[Result "1-0"]
[WhiteElo "2168"]
[BlackElo "2137"]
[PlyCount "79"]
[EventDate "2010.??.??"]

1. d4 d6 2. c4 c6 3. e4 Nd7 4. Nc3 e5 5. d5 c5 6. Bd3 Be7 7. Nge2 Nf8 8. Be3
Ng6 9. O-O Nf6 10. f3 Nh5 11. Qd2 Bd7 12. Rab1 a5 13. b3 Bf6 14. Nd1 h6 15. f4
exf4 16. Nxf4 Nhxf4 17. Bxf4 Bd4+ 18. Kh1 Nxf4 19. Qxf4 Qe7 20. Ne3 Bxe3 21.
Qxe3 O-O 22. Qf4 Rae8 23. a3 Bc8 24. b4 axb4 25. axb4 cxb4 26. Rxb4 Qc7 27. h3
Re5 28. Qf2 Qe7 29. Qc2 Re8 30. c5 dxc5 31. Rb5 c4 32. Bxc4 Qh4 33. d6 Bxh3 34.
gxh3 Rxe4 35. Bxf7+ Kh8 36. Rh5 Qd8 37. Bxe8 Qxe8 38. d7 Qxh5 39. d8=Q+ Re8 40.
Rf8+ 1-0

[Event "SR 1. liga zapad 2010/2011"]
[Site "?"]
[Date "2011.03.20"]
[Round "9.3"]
[White "Arendas, Marek"]
[Black "Zahorsky, Robert"]
[Result "1/2-1/2"]
[WhiteElo "2089"]
[BlackElo "1988"]
[PlyCount "100"]
[EventDate "2010.??.??"]

1. e4 c6 2. d4 d5 3. Nc3 dxe4 4. Nxe4 Bf5 5. Ng3 Bg6 6. Nf3 Nd7 7. Bd3 Bxd3 8.
Qxd3 Ngf6 9. Bd2 e6 10. c4 Be7 11. O-O O-O 12. Bc3 Nc5 13. Qc2 Ncd7 14. Rad1
Qb6 15. b3 a5 16. Rd3 Rfd8 17. Rfd1 Nf8 18. Ne5 N6d7 19. f4 Ng6 20. Qf2 Nf6 21.
Kh1 Bb4 22. c5 Qb5 23. Bb2 a4 24. a3 Ba5 25. b4 Bc7 26. Qf3 Rd5 27. Ne4 Nxe4
28. Qxe4 Nxe5 29. fxe5 Rad8 30. Rh3 h6 31. Re1 Qc4 32. Qg4 Kh7 33. Qh5 Qc2 34.
Ba1 Qg6 35. Qf3 Kg8 36. Rf1 R8d7 37. Rg3 Qh7 38. Qh5 Bd8 39. Rgf3 g6 40. Qg4 b6
41. Qe4 b5 42. Bb2 Bg5 43. h4 Bd8 44. Qg4 h5 45. Qe4 Qg7 46. Rg3 Kh7 47. Rf4
Bc7 48. Qe3 Kg8 49. Rgf3 f5 50. Rg3 Kh7 1/2-1/2

[Event "SR 1. liga zapad 2010/2011"]
[Site "?"]
[Date "2011.03.20"]
[Round "9.3"]
[White "Beres, Dominik"]
[Black "Doucha, Ludvik"]
[Result "1-0"]
[WhiteElo "2083"]
[BlackElo "2099"]
[PlyCount "97"]
[EventDate "2010.??.??"]

1. e4 e5 2. Nf3 d6 3. c3 Nf6 4. d3 Be7 5. Nbd2 c5 6. Nc4 Nc6 7. Ne3 O-O 8. h3
d5 9. Qc2 d4 10. Nc4 Nd7 11. g4 b5 12. Ncd2 Nb6 13. Be2 Be6 14. O-O Rc8 15. a3
h5 16. Nh2 c4 17. a4 cxd3 18. Qxd3 bxa4 19. Qg3 h4 20. Qf3 g5 21. Ba6 Rc7 22.
Qe2 dxc3 23. bxc3 Na5 24. Nhf3 f6 25. Rd1 Qe8 26. Nf1 Nb3 27. Rb1 Bc4 28. Bxc4+
Nxc4 29. Qa2 Kg7 30. Be3 Bc5 31. Bxc5 Rxc5 32. Rd3 Qc6 33. Rbd1 Rf7 34. Rd5 Nb6
35. Rxc5 Qxc5 36. Ne3 Qxc3 37. Qe2 a3 38. Qb5 a2 39. Nf5+ Kh7 40. Qe8 Qc7 41.
Nxg5+ fxg5 42. Rd6 Rxf5 43. Qg6+ Kh8 44. Qh6+ Kg8 45. Rg6+ Kf7 46. gxf5 a1=Q+
47. Kg2 Qe7 48. Qh8 Qb4 49. Rg7+ 1-0

[Event "SR 1. liga zapad 2010/2011"]
[Site "?"]
[Date "2011.03.20"]
[Round "9.3"]
[White "Cibulka, Vladimir"]
[Black "Drtina, Milan"]
[Result "1/2-1/2"]
[WhiteElo "2252"]
[BlackElo "2247"]
[PlyCount "31"]
[EventDate "2010.??.??"]

1. e4 e6 2. d4 d5 3. exd5 exd5 4. Bd3 Bd6 5. Nf3 Nf6 6. Qe2+ Qe7 7. Qxe7+ Bxe7
8. Bf4 c6 9. c3 h6 10. Nbd2 Be6 11. h3 Nbd7 12. O-O-O O-O-O 13. Ne5 Nxe5 14.
Bxe5 Ne8 15. Rde1 Bd6 16. Bxd6 1/2-1/2

[Event "SR 1. liga zapad 2010/2011"]
[Site "?"]
[Date "2011.03.20"]
[Round "9.3"]
[White "Fabian, Jaroslav"]
[Black "Szitkey, Milan"]
[Result "1-0"]
[WhiteElo "2202"]
[BlackElo "2152"]
[PlyCount "53"]
[EventDate "2010.??.??"]

1. c4 e6 2. Nc3 d5 3. d4 Nf6 4. Nf3 c6 5. Bg5 Nbd7 6. e3 Be7 7. Bd3 O-O 8. O-O
dxc4 9. Bxc4 b5 10. Bd3 a6 11. Qc2 h6 12. Bxf6 Nxf6 13. Ne4 Bb7 14. Nc5 Qb6 15.
Rfc1 Rac8 16. Ne5 Bxc5 17. Qxc5 Qc7 18. Rc2 Rfd8 19. Rac1 Rd5 20. Qb4 Rd6 21.
Rc5 Nd5 22. Qb3 Nb6 23. Be4 Kf8 24. Bxc6 Na4 25. R5c2 Bxc6 26. Nxc6 Qb6 27. Qb4
1-0

[Event "SR 1. liga zapad 2010/2011"]
[Site "?"]
[Date "2011.03.20"]
[Round "9.3"]
[White "Lanc, Alois"]
[Black "Kalisky, Vladimir"]
[Result "0-1"]
[WhiteElo "2399"]
[BlackElo "2273"]
[PlyCount "72"]
[EventDate "2010.??.??"]

1. e4 c5 2. Nf3 Nc6 3. d4 cxd4 4. Nxd4 Nf6 5. Nc3 g6 6. Nxc6 bxc6 7. e5 Nh5 8.
Be2 Ng7 9. O-O Qa5 10. f4 h5 11. Ne4 Nf5 12. Rf3 Bg7 13. c4 O-O 14. Ra3 Qc7 15.
Bxh5 d5 16. exd6 exd6 17. Bf3 Be6 18. Ra6 Rac8 19. Ng5 Bxc4 20. Rxc6 Qe7 21.
Rxc8 Rxc8 22. Be4 Nd4 23. Bd2 d5 24. Bf3 Nxf3+ 25. Qxf3 Qc5+ 26. Kh1 Re8 27. f5
Re2 28. fxg6 f6 29. Bc3 d4 30. Qa8+ Bf8 31. Ne4 Qe7 32. g7 Qxg7 33. Ng3 dxc3
34. Nxe2 cxb2 35. Rb1 Qg5 36. Qe4 Bd5 0-1

[Event "SR 1. liga zapad 2010/2011"]
[Site "?"]
[Date "2011.03.20"]
[Round "9.3"]
[White "Miklas, Marian"]
[Black "Siroky, Jan"]
[Result "1/2-1/2"]
[WhiteElo "2139"]
[BlackElo "2188"]
[PlyCount "24"]
[EventDate "2010.??.??"]

1. Nf3 Nf6 2. c4 g6 3. g3 Bg7 4. Bg2 O-O 5. O-O c6 6. Nc3 d5 7. cxd5 Nxd5 8. d4
Na6 9. e4 Nb6 10. h3 Be6 11. a4 f6 12. a5 Nc8 1/2-1/2

[Event "SR 1. liga zapad 2010/2011"]
[Site "?"]
[Date "2011.03.20"]
[Round "9.3"]
[White "Nicolini, Alexander"]
[Black "Berek, Geza"]
[Result "1/2-1/2"]
[WhiteElo "2152"]
[BlackElo "2216"]
[PlyCount "28"]
[EventDate "2010.??.??"]

1. e4 g6 2. d4 Bg7 3. Nf3 d6 4. Nc3 a6 5. Be2 b5 6. O-O Bb7 7. a3 Nd7 8. d5 c5
9. dxc6 Bxc6 10. Nd4 Bb7 11. Be3 Ngf6 12. f3 O-O 13. Qd2 Rc8 14. Rad1 Ne5
1/2-1/2

[Event "SR 1. liga zapad 2010/2011"]
[Site "?"]
[Date "2011.03.20"]
[Round "9.4"]
[White "Brestak, Jan"]
[Black "Bury, Rastislav"]
[Result "1-0"]
[WhiteElo "2149"]
[BlackElo "2183"]
[PlyCount "93"]
[EventDate "2010.??.??"]

1. e4 c5 2. Nf3 d6 3. c3 Nf6 4. Qb3 Nc6 5. d4 Qb6 6. d5 Qxb3 7. axb3 Nb8 8. Bd3
e5 9. Na3 Bd7 10. Nd2 Be7 11. Ndc4 O-O 12. f3 Ne8 13. g4 Nc7 14. h4 f6 15. Ke2
Nba6 16. Bd2 Rab8 17. Ne3 g6 18. h5 g5 19. h6 Kf7 20. Nac2 b5 21. Ra2 Rb6 22.
Be1 Ra8 23. Bf2 Rb7 24. Kd2 Nb8 25. b4 c4 26. Be2 a6 27. Ra3 Bd8 28. b3 cxb3
29. Rxb3 Ke7 30. Ra1 Kf7 31. Ra5 Kg6 32. c4 bxc4 33. Nxc4 Nb5 34. Rxb5 Bxb5 35.
Nxd6 Rd7 36. Nxb5 axb5 37. Bxb5 Rc7 38. Bc5 Nd7 39. Ne3 Kf7 40. Rc3 Rac8 41.
Nf5 Rxc5 42. bxc5 Rxc5 43. Nd6+ Kf8 44. Bxd7 Ba5 45. Nb5 Ke7 46. Bc6 Rc4 47.
Kd3 1-0

[Event "SR 1. liga zapad 2010/2011"]
[Site "?"]
[Date "2011.03.20"]
[Round "9.4"]
[White "Cajka, Tibor"]
[Black "Marflak, Miroslav"]
[Result "1-0"]
[WhiteElo "2104"]
[BlackElo "2023"]
[PlyCount "55"]
[EventDate "2010.??.??"]

1. e4 g6 2. d4 Bg7 3. Nc3 e6 4. Be3 Ne7 5. Qd2 h6 6. h4 d5 7. h5 g5 8. O-O-O
dxe4 9. Nxe4 f5 10. Nxg5 hxg5 11. Bxg5 Rh7 12. h6 Bh8 13. Be2 Qd5 14. Bh5+ Kf8
15. Kb1 Nbc6 16. Nf3 a5 17. Qc3 Nb4 18. b3 Qd6 19. Nh4 Ned5 20. Qd2 a4 21. Be7+
Nxe7 22. Bg6 axb3 23. cxb3 Nxg6 24. Nxg6+ Ke8 25. Qg5 Bxd4 26. Ne5 Qxe5 27.
Qg8+ Kd7 28. Rhe1 1-0

[Event "SR 1. liga zapad 2010/2011"]
[Site "?"]
[Date "2011.03.20"]
[Round "9.4"]
[White "Janko, Ladislav"]
[Black "Meszaros, Michal"]
[Result "0-1"]
[WhiteElo "2239"]
[BlackElo "2409"]
[PlyCount "66"]
[EventDate "2010.??.??"]

1. e4 c5 2. Nf3 e6 3. c3 Nf6 4. d3 Nc6 5. Be2 Be7 6. O-O O-O 7. Nbd2 Qc7 8. d4
d5 9. Bd3 b6 10. Re1 cxd4 11. cxd4 Nb4 12. Bb1 Ba6 13. e5 Nd7 14. Nb3 Rac8 15.
Re3 Rfe8 16. a3 Nc6 17. Rc3 Nf8 18. Bg5 Qd7 19. Bd3 Bxd3 20. Qxd3 Bxg5 21. Nxg5
h6 22. Nh3 Ng6 23. Rac1 Nce7 24. Qa6 Rxc3 25. Rxc3 Rc8 26. Rxc8+ Nxc8 27. Qd3
Nce7 28. g3 Qa4 29. f3 Nf5 30. Kg2 Qc4 31. Nf2 Nfh4+ 32. Kf1 Nxf3 33. h4 Qxb3
0-1

[Event "SR 1. liga zapad 2010/2011"]
[Site "?"]
[Date "2011.03.20"]
[Round "9.4"]
[White "Kubica, Viktor"]
[Black "Pericka, Tomas"]
[Result "1-0"]
[WhiteElo "2015"]
[BlackElo "1966"]
[PlyCount "29"]
[EventDate "2010.??.??"]

1. e4 c5 2. Nf3 Nc6 3. d4 cxd4 4. Nxd4 g6 5. c4 Bg7 6. Be3 Nf6 7. Nc3 Ng4 8.
Qxg4 Nxd4 9. Qd1 e5 10. Qd2 O-O 11. O-O-O d6 12. Kb1 Be6 13. Bh6 Rc8 14. h4 Qf6
15. Bg5 1-0

[Event "SR 1. liga zapad 2010/2011"]
[Site "?"]
[Date "2011.03.20"]
[Round "9.4"]
[White "Likavsky, Tomas"]
[Black "Horvath, Mario"]
[Result "1-0"]
[WhiteElo "2466"]
[BlackElo "2320"]
[PlyCount "91"]
[EventDate "2010.??.??"]

1. d4 c5 2. d5 e5 3. e4 d6 4. Nc3 Be7 5. Nf3 Nf6 6. Be2 O-O 7. a4 Na6 8. h4 Nc7
9. Nd2 Nfe8 10. g3 f5 11. exf5 Bxf5 12. Nde4 Nf6 13. Bf3 Nxe4 14. Bxe4 Qd7 15.
Be3 b6 16. Qd3 a6 17. Bxf5 Qxf5 18. Qxf5 Rxf5 19. Ke2 Rff8 20. Rhd1 Rfb8 21.
Ne4 Bf8 22. b3 b5 23. axb5 axb5 24. c4 bxc4 25. bxc4 Rxa1 26. Rxa1 Na8 27. Kd3
Nb6 28. Ra6 Nc8 29. Rc6 Kf7 30. Kc3 Ke8 31. f4 exf4 32. Bxf4 Ra8 33. Bxd6 Nxd6
34. Nxd6+ Bxd6 35. Rxd6 Ra3+ 36. Kd2 Rxg3 37. Rc6 Rg4 38. Rxc5 Kd7 39. Kc3 Rxh4
40. Ra5 Kd6 41. Ra6+ Ke5 42. Re6+ Kf5 43. Re1 Rh3+ 44. Kd4 g5 45. Rf1+ Kg6 46.
d6 1-0

[Event "SR 1. liga zapad 2010/2011"]
[Site "?"]
[Date "2011.03.20"]
[Round "9.4"]
[White "Pagerka, Martin"]
[Black "Szeko, Ludovit"]
[Result "1/2-1/2"]
[WhiteElo "2260"]
[BlackElo "2078"]
[PlyCount "40"]
[EventDate "2010.??.??"]

1. e4 Nf6 2. e5 Nd5 3. d4 d6 4. c4 Nb6 5. exd6 cxd6 6. Nc3 g6 7. h3 Bg7 8. Nf3
O-O 9. Be2 Nc6 10. Be3 Bf5 11. g4 Bc8 12. Qd2 d5 13. b3 dxc4 14. bxc4 Na5 15.
c5 Nbc4 16. Qc1 Nxe3 17. Qxe3 Nc6 18. Rd1 Nb4 19. O-O Be6 20. a3 Nd5 1/2-1/2

[Event "SR 1. liga zapad 2010/2011"]
[Site "?"]
[Date "2011.03.20"]
[Round "9.4"]
[White "Polasek, Filip"]
[Black "Blaho, Stefan"]
[Result "1/2-1/2"]
[WhiteElo "2104"]
[BlackElo "2094"]
[PlyCount "106"]
[EventDate "2010.??.??"]

1. e4 c5 2. Nf3 d6 3. d4 cxd4 4. Nxd4 Nf6 5. Nc3 g6 6. Be3 Bg7 7. f3 O-O 8. Qd2
Nc6 9. g4 Nxd4 10. Bxd4 Be6 11. g5 Nh5 12. Bxg7 Nxg7 13. Nd5 Rc8 14. O-O-O Rc5
15. Kb1 a5 16. f4 Bxd5 17. exd5 f6 18. h4 Nh5 19. Be2 Qd7 20. Bxh5 gxh5 21.
Rhg1 Kf7 22. gxf6 exf6 23. Qe2 Qf5 24. Rde1 Rc7 25. Qe6+ Qxe6 26. dxe6+ Ke8 27.
Rd1 f5 28. Rxd6 Rf6 29. Rb6 Rg6 30. Rg5 Rxg5 31. fxg5 Ke7 32. c3 Rc4 33. Rxb7+
Kxe6 34. Rxh7 Rxh4 35. g6 Kf6 36. g7 Kf7 37. Kc2 Kg8 38. Rh8+ Kxg7 39. Ra8 a4
40. Kd3 Rh2 41. b4 Rxa2 42. b5 a3 43. c4 h4 44. b6 Rb2 45. c5 h3 46. Rxa3 Kf6
47. Kd4 h2 48. Rh3 f4 49. Rxh2 Rxh2 50. b7 Rb2 51. c6 f3 52. c7 Rxb7 53. c8=Q
Rf7 1/2-1/2